English 5: texto para el estudiante
Gorde:
| Egile nagusia: | |
|---|---|
| Formatua: | Liburua |
| Hizkuntza: | ingelesa |
| Argitaratua: |
Santiago
Richmond
2002
|
| Gaiak: | |
| Etiketak: |
Etiketa erantsi
Etiketarik gabe, Izan zaitez lehena erregistro honi etiketa jartzen!
|
MARC
| LEADER | 00000nam a2200000 a 4500 | ||
|---|---|---|---|
| 001 | UCK5984 | ||
| 003 | CL-VaPUC | ||
| 008 | 050902e20020000CL |||||||||||||||||eng|d | ||
| 020 | |a 9561507773 | ||
| 082 | 0 | 4 | |a 372.6521 |b PAR |2 21 |
| 100 | |a Pardo Lagos, Andrea |e autora |9 623466 | ||
| 245 | 1 | 0 | |a English 5: texto para el estudiante |
| 300 | |a 52 p | ||
| 942 | |c BK | ||
| 945 | |d 20050902 00:00:00 |a cmena | ||
| 260 | |a Santiago |b Richmond |c 2002 | ||
| 500 | |a Complementario con cassette | ||
| 650 | 0 | |a Educación lingüística |9 306506 | |
| 650 | 0 | |a Enseñanza de idiomas |9 339820 | |
| 650 | 0 | |a Inglés |9 260023 | |
| 650 | 0 | |a Educación básica |9 224933 | |
| 650 | 0 | |a Libros de texto |9 270019 | |
| 583 | |a last modification |c 20130527 14:36:02 |k Rodrigo Vera | ||
| 999 | |c 314389 |d 314387 | ||
| 952 | |0 0 |1 0 |4 0 |6 372_652100000000000_PAR_2002 |7 0 |8 A |9 386599 |a BIBEDU |b BIBEDU |d 2019-11-22 |i 4163877 |l 1 |o 372.6521 PAR 2002 |p 4163877 |q 2024-11-06 |r 2024-10-22 |s 2024-10-22 |w 2019-11-22 |y BK |k EBA | ||